000 00609nam a22001937a 4500
999 _c527761
_d527761
003 NUST
005 20190807074451.0
008 190807b ||||| |||| 00| 0 eng d
038 _aMr Noman
082 _a658.4
100 _aHassan, Muhammad Ali
_919178
245 _aImpact of Outsourcing on Capability Loss and Perceived Organization Performance in a Public Sector R&D Organization /
_cMuhammad Ali Hassan.
260 _aIslamabad:
_bNBS - NUST,
_c2013.
300 _a54 p.: ill.;
_c30cm.
500 _aHardcover.
650 _aEMBA Thesis.
_917645
700 _aAsad Amjad.
_917926
942 _2ddc
_cTHE